| 000 | 00573nam a2200169 i 4500 | ||
|---|---|---|---|
| 001 | 156624 | ||
| 003 | ES-MaACL | ||
| 005 | 20250208063129.0 | ||
| 008 | 040802s1899 xxk |||| | eng d | ||
| 040 |
_aCAM _bspa _cCAM |
||
| 100 | 1 |
_aKipling, Rudyard, _d1865-1936 _968087 |
|
| 245 | 1 | 0 |
_aStalky & Co. / _cby Rudyard Kipling. |
| 260 |
_aLondon : _bMacmillan and Co., _c1899 ( _eEdinburgh : _fprinted by R. & R. Clark) |
||
| 300 |
_a272 p. ; _c21 cm. |
||
| 852 |
_aES-MaACL _jG-13200 _z-- Enc. ed. en tela roja con hierros dorados |
||
| 999 |
_c156624 _d156624 |
||